Turista poznává vlast : příručka pro kulturně poznávací činnost při turistice /

Hlavní autor: Vahala, Miroslav
Jazyk: Čeština
Vydáno: Praha : Sportovní a turistické nakladatelství, 1958
Vydání: 1. vyd.
Edice: Knižnice turistických příruček
Témata:
Fyzický popis: 81 s., obr. příl. : il.
Knihy
Uloženo v:
LEADER 01173aam a22002892a 4500
001 000750685
003 CZ BrMZK
005 20140902121538.0
007 ta
008 041119s1958 xr af er|||||000|0|cze d
015 |a cnb000513325 
035 |a (OCoLC)85321921 
040 |a ABA001  |b cze  |c ULG001  |d ABA001  |d BOA001 
100 1 |a Vahala, Miroslav  |7 jk01141102  |4 aut 
245 1 0 |a Turista poznává vlast :  |b příručka pro kulturně poznávací činnost při turistice /  |c Miroslav Vahala 
250 |a 1. vyd. 
260 |a Praha :  |b Sportovní a turistické nakladatelství,  |c 1958 
300 |a 81 s., obr. příl. :  |b il. 
490 1 |a Knižnice turistických příruček ;  |v sv. 3 
504 |a Obsahuje bibliografii 
830 0 |a Knižnice turistických příruček 
910 |a BOA001  |b 2-0410.097  |b PK-0020.649 
964 |a Turistika - význam 
990 |a BK 
996 6 |b 2619126952  |c 2-0410.097  |l MZK  |r Sklad / do 24 hodin  |n 0  |w 000750685  |u 000050  |a 1  |e BOA001  |j MZK50  |s P 
996 7 |b 3119688076  |c PK-0020.649  |l MZK  |r Sklad / do 1 hodiny  |n 1  |w 000750685  |u 000020  |a 1  |e BOA001  |j MZK50  |s A 
996 7 |b 3119690825  |c PK-0020.649  |l MZK  |r Sklad / do 1 hodiny  |n 0  |w 000750685  |u 000010  |a 1  |e BOA001  |j MZK50  |s A